| 000 | 00351nam a2200145Ia 4500 | ||
|---|---|---|---|
| 008 | 210719s1972 xx 000 0 und d | ||
| 041 | _aeng | ||
| 082 | _a824.91 WART | ||
| 100 | _aWARD (A C) | ||
| 245 | _aTwentieth century prose 1940-1960. | ||
| 260 |
_aLondon _bE L B S _c1972 |
||
| 300 |
_axx,332 _bPB |
||
| 365 | _cRs | ||
| 650 | _aEnglish Prose | ||
| 999 |
_c213081 _d213081 |
||